00771nam a2200229Ia 4500003000900000008004100009020001700050040001600067080001600083100002300099245008600122260004800208300001500256650004100271650001400312650003400326700002500360700002900385942000700414999001700421952010300438IN-BaIIA211028s9999 xx 000 0 eng d a0-521-434289 cIIA Library a524.86bORI aPrantzos, N919187 0aOrigin and evolution of the elementscN Prantzos, E Vangioni-Flam and M Cassé aCambridgebCambridge University Pressc1993 axvi, 545p. aAstronomy and astrophysics thesaurus aCosmology aOrigin of the universe916638 aCasse M., ed.919188 aVangioni-Flam, E.915735 cBK c11202d11202 00104070aBANbBANcGENd1995-02-10l0o524.86/ ORIp12116r2021-11-05w1995-02-10yBKG£ 45.00